| 000 | 01011cam a2200241 4500 | ||
|---|---|---|---|
| 001 | WB3806-04 | ||
| 008 | 020213n2002 000 0 eng u | ||
| 035 | _a(Sirsi) u116711 | ||
| 245 | _aBuilding a sustainable environment | ||
| 260 | _c2002 | ||
| 490 |
_aDTI Press Release _v(086) 12 February 2002, (3) |
||
| 520 | _aEnergy and Industry Minister calls on the construction industry to integrate renewable energy into buildings. Visiting BRE the Minister commended its role in promoting a sustainable environment but challenged the industry to become seriously involved in reducing the effects of climate change and advised firms to utilise the Construction Best Practice Programme. | ||
| 590 | _aWB | ||
| 650 | _aCONSTRUCTION BEST PRACTICE PROGRAMME | ||
| 650 | _aDTI | ||
| 650 | _aCLIMATE CHANGE | ||
| 650 | _aBRE | ||
| 650 | _aCONSTRUCTION INDUSTRY | ||
| 650 | _aSUSTAINABLE ENVIRONMENT | ||
| 650 | _aRENEWABLE ENERGY | ||
| 690 | _aBUILDING AND CONSTRUCTION-ENERGY MANAGEMENT | ||
| 942 | _n0 | ||
| 999 |
_c69516 _d69516 |
||